00981nam a2200265 a 450000100060000000300080000600500170001400800410003102000290007202000290010103500190013004000320014904100080018108200260018910000180021524501310023325000120036426000370037630000560041350001090046950400530057850500390063165100280067070000170069834260BD-RjUL20211209052129.0140514s1982 maua b 001 0 eng  a0316887625 (v. 1 : pbk.) a0316887633 (v. 2 : pbk.) a(BD-RjUL)34354 aDLCcDLCdDLCdBD-RjULbeng aeng00a973219bUNT V-2 19821 aUnger, Irwin.10aThese United States :bthe questions of our past /cIrwin Unger, with the assistance of Debi Unger.nVolume II :pSince 1865.. a2nd ed. aBoston :bLittle, Brown,cc1982. axix, 413-893 p. [LXV] :bill. (some col.) ;c24 cm. aVol. 1: Family histories by Maury Klein and Joel C. Mickelson; v. 2: by Maury Klein and James C. Foster. aIncludes bibliographical references and indexes.0 av. 1. To 1877 -- v. 2. Since 1865. 0aUnited StatesxHistory.1 aUnger, Debi.